000 00792pam a2200241 a 4500
001 2485670
005 20180302041004.0
008 910802s1991 nyua b s001 0 eng
010 _a 91005061
020 _a0814779344 (alk. paper) :
_c$35.00
040 _aDLC
_cDLC
_dDLC
041 _aeng
043 _an-us-pa
080 _a306.8720974809033 SMI
082 0 0 _a306.8720974809033 SMI
_220
100 1 _a50
101 _aSOC
245 1 0 _aBreaking the bonds :
_cMerril D. Smith.
504 _aIncludes bibliographical references (p. 213-219) and index.
906 _a7
_bcbc
_corignew
_d1
_eocip
_f19
_gy-gencatlg
942 _2ddc
_cBK
999 _c43953
_d43953